Algoritmy v jazyku c a c++ /

Guardado en:
Detalles Bibliográficos
Autor principal: Prokop, Jiří (Autor)
Formato: Libro
Lenguaje:checo
Publicado: Praha Grada 2015
Edición:3., aktual. a roz. vyd.
Materias:
Etiquetas: Agregar Etiqueta
Sin Etiquetas, Sea el primero en etiquetar este registro!

MARC

LEADER 00000nam a22000003a 4500
001 0090064
003 SK-STU
005 20210830135033.3
007 ta
008 210830s ----xo-----e------000-0-----d
020 |a 978-80-247-5467-3 
040 |a STU  |b slo 
041 0 |a cze 
044 |a xr 
100 1 |a Prokop, Jiří  |4 aut 
245 1 0 |a Algoritmy v jazyku c a c++ /  |c aut. Jiří Prokop 
250 |a 3., aktual. a roz. vyd. 
260 |a Praha  |b Grada  |c 2015 
300 |a 204 s. 
650 0 7 |a jazyky programovacie 
996 |b 284M088783  |c M* 14489-1  |l MMKN  |s A  |a 24  |w 0090064_0001